Color me dark : (Record no. 2541)

MARC details
000 -LEADER
fixed length control field 01128cam a2200313 a 4500
005 - DATE AND TIME OF LATEST TRANSACTION
control field 20231214154212.0
020 ## - INTERNATIONAL STANDARD BOOK NUMBER
International Standard Book Number 9780439529112
040 ## - CATALOGING SOURCE
Original cataloging agency DLC
Transcribing agency DLC
Modifying agency DLC
Language of cataloging eng
050 00 - LIBRARY OF CONGRESS CALL NUMBER
Classification number PZ7.M478693
Item number Cm 2000
082 00 - DEWEY DECIMAL CLASSIFICATION NUMBER
Classification number 813
Edition number 21
100 1# - MAIN ENTRY--PERSONAL NAME
Personal name McKissack, Patricia
Dates associated with a name 1944-2017
245 10 - TITLE STATEMENT
Title Color me dark :
Remainder of title the diary of Nellie Lee Love, the great migration North /
Statement of responsibility, etc. by Patricia C. McKissack
250 ## - EDITION STATEMENT
Edition statement First Scholastic Club printing, March 2003
260 ## - PUBLICATION, DISTRIBUTION, ETC.
Place of publication, distribution, etc. New York :
Name of publisher, distributor, etc. Scholastic,
Date of publication, distribution, etc. 2000
300 ## - PHYSICAL DESCRIPTION
Extent 218 pages :
Dimensions 19 cm
505 ## - FORMATTED CONTENTS NOTE
Formatted contents note O
520 ## - SUMMARY, ETC.
Summary, etc. Eleven-year-old Nellie Lee Love records in her diary the events of 1919, when her family moves from Tennessee to Chicago, hoping to leave the racism and hatred of the South behind.
521 ## - TARGET AUDIENCE NOTE
Target audience note 760
Source Lexile
521 ## - TARGET AUDIENCE NOTE
Target audience note O
Source Raz-Plus
650 #0 - SUBJECT ADDED ENTRY--TOPICAL TERM
Topical term or geographic name entry element African Americans
Form subdivision Juvenile fiction.
650 #1 - SUBJECT ADDED ENTRY--TOPICAL TERM
Topical term or geographic name entry element African Americans
Form subdivision Fiction.
650 #1 - SUBJECT ADDED ENTRY--TOPICAL TERM
Topical term or geographic name entry element Family life
Form subdivision Fiction.
650 #1 - SUBJECT ADDED ENTRY--TOPICAL TERM
Topical term or geographic name entry element Prejudices
Form subdivision Fiction.
650 #1 - SUBJECT ADDED ENTRY--TOPICAL TERM
Topical term or geographic name entry element Sisters
Form subdivision Fiction.
650 #1 - SUBJECT ADDED ENTRY--TOPICAL TERM
Topical term or geographic name entry element Diaries
Form subdivision Fiction.
906 ## - LOCAL DATA ELEMENT F, LDF (RLIN)
a 7
b cbc
c orignew
d 1
e ocip
f 19
g y-gencatlg
942 ## - ADDED ENTRY ELEMENTS (KOHA)
Source of classification or shelving scheme Dewey Decimal Classification
Koha item type Books
Suppress in OPAC No
999 ## -
-- 2541
-- 2541
Holdings
Withdrawn status Lost status Source of classification or shelving scheme Damaged status Not for loan Collection Home library Current library Shelving location Date acquired Total Checkouts Full call number Barcode Date last seen Copy number Price effective from Koha item type
    Dewey Decimal Classification     Non-Fiction Footprints International School Library Network Toul Kork Campus Footprints International School Library Network Toul Kork Campus   12/14/2023   MCK 813 PZ7.M478693 FISSE00723 12/14/2023 1 12/14/2023 Books
    Dewey Decimal Classification     Non-Fiction Footprints International School Library Network Toul Kork Campus Footprints International School Library Network Toul Kork Campus   01/10/2024   MCK 813 PZ7.M478693 FISSE00722 01/10/2024 2 12/14/2023 Books